Antologi puisi pilihan enam penyair : bilah hujan yang menikammu

Bibliographic Details
Other Authors: Rahman Shaari (Editor)
Format: Book
Published: Kuala Lumpur : Dewan Bahasa dan Pustaka 2023
Subjects:

MARC

LEADER 00000cam a2200000 7i4500
001 0000093669
005 20240204094952.0
008 240204 may
020 |a 9789834935054 (  |q paperback) 
040 |e rda 
041 |a Malay 
090 0 0 |a 899.2313   |b AHM 
245 1 0 |a Antologi puisi pilihan enam penyair :   |b bilah hujan yang menikammu 
264 1 |a Kuala Lumpur :   |b Dewan Bahasa dan Pustaka   |c 2023 
300 |a 137 pages ;   |c 22 cm. 
336 |a text  |2 rdacontent 
337 |a unmediated  |2 rdamedia 
338 |a volume  |2 rdacarrier 
541 |c Donation book   |f Inisiatif Belanjawan 2023 
650 0 |a Government publications   |z Malaysia 
650 0 |a Malay poetry 
650 0 |a Puisi 
700 0 |a Rahman Shaari ,   |e (editor) 
730 0 |a Title 
999 |a 0001752884   |b Book   |c Adult Collection   |e Perbadanan Perpustakaan Awam Johor 
999 |a 0001752885   |b Book   |c Adult Collection   |e Cawangan Urban Transformation Centre 
999 |a 0001752886   |b Book   |c Adult Collection   |e Cawangan AEON Kulaijaya 
999 |a 0001752887   |b Book   |c Adult Collection   |e Cawangan Bandar Penawar 
999 |a 0001752888   |b Book   |c Adult Collection   |e Perbadanan Perpustakaan Awam Johor 
999 |a 0001752889   |b Book   |c Adult Collection   |e Cawangan Taman Sri Lambak 
999 |a 0001752890   |b Book   |c Adult Collection   |e Cawangan Pontian 
999 |a 0001752891   |b Book   |c Adult Collection   |e Cawangan Tangkak 
999 |a 0001752892   |b Book   |c Adult Collection   |e Cawangan Bukit Gambir 
999 |a 0001752893   |b Book   |c Adult Collection   |e Cawangan Batu Pahat 
999 |a 0001752894   |b Book   |c Adult Collection   |e Cawangan Mersing 
999 |a 0001752895   |b Book   |c Adult Collection   |e Cawangan Kota Tinggi 
999 |a 0001752896   |b Book   |c Adult Collection   |e Cawangan Segamat 
999 |a 0001752897   |b Book   |c Adult Collection   |e Cawangan Muar 
999 |a 0001752898   |b Book   |c Adult Collection   |e Cawangan Tmn. Ungku Tun Aminah 
999 |a 0001752899   |b Book   |c Adult Collection   |e Cawangan Bandar Tenggara 
999 |a 0001752900   |b Book   |c Adult Collection   |e Cawangan Tmn. Ungku Tun Aminah 
999 |a 0001752901   |b Book   |c Adult Collection   |e Cawangan Bandar Tenggara